000 00519nam a2200145Ia 4500
008 230917s9999||||xx |||||||||||||| ||und||
040 _e144095
_aMAIN
041 _aEnglish
082 _a370.03 R18E
100 _aRao, Digumarti Bhaskara, ed.
245 0 _aEncyclopaedia of education for all. 5V. V1- The World Conference;V2- EFA-9 Summit; V3- Quality education for all; V4- Planning and monitoring; V5- The Indian scenario
260 _aNew Delhi
_bAPH Publishing Corporation
_c1996
300 _av. p.
942 _cBK
999 _c95394
_d95394